|
|
|
|
| LEADER |
00616ntm a2200157 i 4500 |
| 001 |
misc46752 |
| 005 |
20200429102205.0 |
| 008 |
200429s1902 hu o 0|| hun d |
| 040 |
|
|
|a SZTE Miscellanea Repozitórium
|b hun
|
| 041 |
|
|
|a hun
|
| 245 |
0 |
2 |
|a A Magyar Nemzeti Múzeum Könyvtárának kölcsönzési elismervénye Herrmann Antal részére
|h [elektronikus dokumentum]
|
| 260 |
|
|
|c 1902-12-23
|
| 300 |
|
|
|a 1
|
| 561 |
|
|
|a Herrmann Antal hagyaték
|
| 695 |
|
|
|a Magyar Nemzeti Múzeum Könyvtára, könyvtári elismervény
|
| 856 |
4 |
0 |
|u http://misc.bibl.u-szeged.hu/46752/1/hermann_antal_boritek_008_009_001.pdf
|z Dokumentum-elérés
|